00545nam a22002057a 450000500170000001000150001702000260003203500140005803700130007208200140008510000140009924500850011325000060019826000390020427000520024330000210029570000170031670000030033370000030033620240212123858.0 aENG-139167 c179.00a9789356183056 aEN-122699 bDBAD/PUB a00021b1 aDas Nisha aTogether with CUET UG-2022 Solved Question Bank SOCIOLOGYcBy Nisha DashEnglish a1 aNew Delhi-bRachna Sagar PVT. LTD. bNew Delhia4583/15 Daryaganj, New Delhie110002 a184p.c27cm(pbk) aby Nisha Das